000 00274nam a2200109Ia 4500
008 200302s9999 xx 000 0 und d
100 _aMartin Nicholas kunz
245 _aBest Designed Wellness Hotels 2nd ed.,
260 _bAvedition Gmbh
260 _c2002
300 _a168 P.,
999 _c2629
_d2629